Marvel Rivals Heroes Quiz - Statistics

General Stats
  • This quiz has been taken 48 times
    10 since last reset
  • The average score is 42 of 48
Answer Stats
Hero % Correct
Black Widow
100%
Captain America
100%
Gambit
100%
Groot
100%
Hela
100%
Invisible Woman
100%
Iron Man
100%
Jeff the Land Shark
100%
Loki
100%
Magneto
100%
Mantis
100%
Rocket Raccoon
100%
Spider-Man
100%
The Thing
100%
Thor
100%
Blade
90%
Bruce Banner
90%
Cloak & Dagger
90%
Deadpool
90%
Emma Frost
90%
Hawkeye
90%
Human Torch
90%
Iron Fist
90%
Luna Snow
90%
Mister Fantastic
90%
Peni Parker
90%
Rogue
90%
Scarlet Witch
90%
Star-Lord
90%
Venom
90%
White Fox
90%
Winter Soldier
90%
Angela
80%
Black Panther
80%
Doctor Strange
80%
Namor
80%
Squirrel Girl
80%
Ultron
80%
Wolverine
80%
Daredevil
70%
Elsa Bloodstone
70%
Phoenix
70%
Psylocke
70%
Storm
70%
The Punisher
70%
Adam Warlock
60%
Magik
60%
Moon Knight
60%
No matching quizzes found
Score Distribution
Percent of People with Each Score
Percentile by Number Answered
Your Score History
You have not taken this quiz since the last reset